000 00819nam a2200325 a 4500
005 20140311163007.0
008 041021s19uu xx 00 eng d
020 _a9812471472
050 _aRT 41
_b.K88 2004
100 _aKozier, Barbara.
245 _aFundamentals of nursing :
_bchecklist
_cBarbara Kozier ... [et al.].
250 _a7th ed.
260 _aRedwood City, Calif. :
_bAddison-Westley Nursing,
_c2004.
300 _a(various pagings) :
_bill. ;
_c26 cm.
521 _aNUR
650 _aNursing.
650 _aNursing Process.
650 _aNursing Care.
942 _cBK
_2lcc
_kFOR
999 _c39327
_d39327